Biblioteka Instytutu Północnego w Olsztynie

Widok standardowy Widok MARC

Pozycja Corporate Name

Liczba rekordów, w których użyto hasła: 1

001 - Numer kontrolny

  • control field: 40468

003 - Identyfikator numeru kontrolnego

  • control field: NUKAT

005 - Data i czas ostatniej modyfikacji

  • control field: 20260424121515.0

008 - Dane kontrolne kodowane (40 znaków)

  • fixed length control field: 120620n||a|znnaabn |a ana |c

010 ## - Numer kontrolny Biblioteki Kongresu

  • numer kontrolny LC: n 96211243

024 7# - OTHER STANDARD IDENTIFIER

  • Standard number or code: 305132199
  • Source of number or code: viaf

024 7# - OTHER STANDARD IDENTIFIER

  • Standard number or code: 0000000110111036
  • Source of number or code: isni

024 7# - OTHER STANDARD IDENTIFIER

  • Standard number or code: Q605468
  • Source of number or code: wikidata

040 ## - Instytucja sporządzająca rekord

  • inst. przygot. dane do rek. khw: KR U/IG
  • język haseł przedmiotowych/tezaurus: kaba
  • inst. wprow. rek. khw: KR U/IG
  • inst. modyf. rek. khw: WA U/MM
  • inst. modyf. rek. khw: TOR U/JSK
  • inst. modyf. rek. khw: LUBL KUL/PF

110 2# - Hasło - nazwa ciała zbiorowego

  • nazwa ciała zbior. lub geogr. na pocz.: Komunistyczna Partia Polski.

410 2# - Trop zob. - nazwa ciała zbiorowego

  • nazwa ciała zbior. lub geogr. na pocz.: KPP.

410 2# - Trop zob. - nazwa ciała zbiorowego

  • nazwa ciała zbior. lub geogr. na pocz.: Komunistyczna Partja Polski.

410 2# - Trop zob. - nazwa ciała zbiorowego

  • nazwa ciała zbior. lub geogr. na pocz.: Komunistyczna Partja Polski - Sekcja Międzynarodówki Komunistycznej.

410 2# - Trop zob. - nazwa ciała zbiorowego

  • nazwa ciała zbior. lub geogr. na pocz.: Międzynarodówka Komunistyczna.
  • nazwa jednostki podrzędnej: Komunistyczna Partja Polski.

510 2# - Trop zob. też - nazwa ciała zbiorowego

  • podpole kontrolne: a
  • nazwa ciała zbior. lub geogr. na pocz.: Komunistyczna Partia Robotnicza Polski.

665 ## - Nota historyczna

  • nota historyczna: Powstała w 1918 z połączenia SDKPiL i PPS-Lewicy pod nazwą Komunistyczna Partia Robotnicza Polski. Na III Zjeździe w 1925 zmieniła nazwę na Komunistyczna Partia Polski. Od 1921 sekcja Międzynarodówki Komunistycznej. Rozwiązana w 1938.

670 ## - Źródło informacji

  • źródło informacji: WEP

670 ## - Źródło informacji

  • źródło informacji: Epop.

670 ## - Źródło informacji

  • źródło informacji: Uchwały III Zjazdu Komunistycznej Partii Polski. - Warszawa, 1925.

670 ## - Źródło informacji

  • źródło informacji: Do Walki : organ Komunistycznej Partji Polski, poświęcony sprawie kobiecym. [S.l.], 1928.

670 ## - Źródło informacji

  • źródło informacji: Kp. Uchwały IV Konferencji Komunistycznej Partji Polski :
  • gdzie znaleziono informację: (grudzień 1925 r.) / Komunistyczna Partja Polski, Sekcja Międzynarodówki Komunistycznej. - Warszawa, 1926.
Biblioteka Instytutu Północnego, ul. Partyzantów 87, 10-402 Olsztyn, email: biblioteka(at)ip.olsztyn.pl